Rozpoznaj miasto po znanej budowli/konstrukcji #1 - Statystyki

Ogólne statystyki
  • Ten quiz został rozwiązany 498 razy
  • Średni wynik to 15 z 20
Statystyki odpowiedzi
Obrazkowy Odpowiedź % Poprawnych
Londyn
99%
Paryż
99%
Nowy Jork
97%
Rzym
93%
Piza
91%
Rio de Janeiro
89%
Moskwa
88%
Berlin
83%
Los Angeles
81%
Sydney
81%
Waszyngton
81%
Ateny
80%
Warszawa
80%
San Francisco
71%
Barcelona
66%
Stambuł
49%
Jerozolima
34%
Kuala Lumpur
32%
Tokio
32%
Seattle
25%
Nie znaleziono quizów pasujących do podanych kryteriów
Rozkład punktacji
Procent ludzi z każdym wynikiem
Percentyl według liczby udzielonych odpowiedzi
Twoja historia wyników
Nie rozwiązałeś tego quizu